banner-ar

المسيحيون و اليهود فى التاريخ الاسلامى العربى و التركى : (Record no. 62930)

MARC details
000 -الفاتح
حقل البيانات ثابتة الطول 01132nam a22002657a 4500
005 - وقت وتاريخ اخر تعامل مع التسجيلة
رقم الضبط 20240530110614.0
008 - عناصر البيانات ثابتة الطول - معلومات عامة
حقل البيانات ثابتة الطول 160903s2013 ua a g 001 0 ara d
017 ## - رقم الايداع القانونى
رقم الايداع القانونى 2012/15989
المصدر ( الهيئة المختصة) مصر . دار الكتب والوثائق القوميه
020 ## - الرقم الدولى المعيارى للكتب
الرقم الدولى المعيارى للكتاب 9789777180368
040 ## - مصدر الفهرسة
وكالة الفهرسة الأصلية EG-CaGPL
082 04 - رقم تصنيف ديوى العشرى
رقم الطبعة ط21
رقم التصنيف 953.07/
رقم المادة ف م .
100 1# - المدخل الرئيسى - إسم شخصى
الإسم الشخصى فارج فيليب
245 1# - بيان العنوان
العنوان المسيحيون و اليهود فى التاريخ الاسلامى العربى و التركى :
بيان المسئوليه,etc تاليف فارج فيليب ، يوسف كرباج ؛ ترجمه بشير السباعى
250 ## - بيان الطبعة
بيان الطبعة ط1 .
260 ## - PUBLICATION, DISTRIBUTION, ETC. (IMPRINT)
تاريخ النشر أو التوزيع 2013 .
300 ## - الوصف المادى
التعداد 315 ص ؛
أبعاد الوعاء 24 سم .
490 0# - بيان السلسلة
عنوان السلسلة المشروع القومى للترجمه
رقم المجلد/ التعيين التسلسلي 2147
650 04 - المدخل الاضافى بالموضوع-مصطلح موضوعى
مصطلح موضوعي العالم العربى
التقسيم الفرعي العام تاريخ
650 04 - المدخل الاضافى بالموضوع-مصطلح موضوعى
مصطلح موضوعي اليهود
التقسيم الفرعي العام العالم الاسلامى
650 04 - المدخل الاضافى بالموضوع-مصطلح موضوعى
مصطلح موضوعي المسيحيون
التقسيم الفرعي العام العالم الاسلامى
700 0# - المدخل الاضافى - اسم شخصى
الإسم الشخصى يوسف كرباج
الدور مؤلف
700 0# - المدخل الاضافى - اسم شخصى
الإسم الشخصى بشير السباعى
الدور مترجم
942 ## - عناصر المدخل الإضافي( كوها)
مصدر التصنيف او مخطط الترفيف Dewey Decimal Classification
Koha [default] item type كتاب
260 ## - PUBLICATION, DISTRIBUTION, ETC. (IMPRINT)
-- القاهره :
-- المركز القومى للترجمه ،
Holdings
حالة التراجع حالة الفقد حالة تلف ليس للاعارة المكان المؤقت الموقع الحالى موقع الترفيف تاريخ الاكتساب اجمالي اﻻعارات رقم الطلب الباركود تاريخ اخر مشاهدة تاريخ تفعيل السعر نوع وعاء كوها
        مكتبة القاهرة الكبرى مكتبة القاهرة الكبرى القاعة الرئيسية 11/28/2016   953.07/ ف م . 162844 11/28/2016 11/28/2016 كتاب

Powered By

EGPV